LEADER 01152nam0 22002651i 450 001 UON00394537 005 20231205104628.408 010 $a88-04-29675-5 100 $a20110623d1988 |0itac50 ba 101 $aita 102 $aIT 105 $a|||| ||||| 200 1 $aQuell'antica festa crudele$eguerra e cultura della guerra dall'età feudale alla grande rivoluzione $fFranco Cardini - Milano$eIl Saggiatore, 1988 - 436 p. ; 22 cm. 606 $aEuropa$xStoria militare $xSec. 11.- 18.$3UONC065655$2FI 606 $aGuerra$xStoria$xSec. 11.-18.$3UONC065654$2FI 620 $aIT$dMilano$3UONL000005 676 $a355.0094$cSCIENZA MILITARE. Europa$v21 700 1$aCardini$bFranco$3UONV049590$037956 712 $aIl Saggiatore$3UONV246654$4650 801 $aIT$bSOL$c20260123$gRICA 899 $aSIBA - SISTEMA BIBLIOTECARIO DI ATENEO E ARCHIVIO STORICO$2UONSI 912 $aUON00394537 950 $aSIBA - SISTEMA BIBLIOTECARIO DI ATENEO E ARCHIVIO STORICO$dSI FS 04640 $eSI FP 4227 5 996 $aQuell'antica festa crudele$9528072 997 $aUNIOR